| 000 | 00489nam a22001457a 4500 | ||
|---|---|---|---|
| 082 | _a621.3 | ||
| 100 | _aAhmad, Mansoor | ||
| 245 |
_aValidation of International Prediction Models for HF Communication in Pakistan / _cMansoor Ahmad |
||
| 260 |
_aIslamabad : _bMCS - NUST, _c2014. |
||
| 300 |
_a86 p. ; _c30cm. |
||
| 650 |
_aTelecommunication Engineering-MS-Thesis _935058 |
||
| 700 |
_aDr. Imran Rashid _935026 |
||
| 942 |
_2ddc _cTHE |
||
| 999 |
_c540829 _d540829 |
||